| 000 | 01058nam a2200289 i 4500 | ||
|---|---|---|---|
| 001 | bg | ||
| 245 | 0 | 0 |
_aJakość i systemy zapewnienia jakości : _bpodręcznik dla studentów wyższych szkół technicznych : praca zbiorowa / _cpod red. Adama Tabora, Andrzeja Zająca, Marka Rączki ; [zespół aut. _nB. Dyrcz et al.] ; Politechnika Krakowska im. Tadeusza Kościuszki. |
| 260 |
_aKraków : _bPK, _c1999. |
||
| 300 |
_a[4], 269 s. : _bil. ; _c24 cm. |
||
| 490 | 1 |
_aZarządzanie jakością ; _vt.1 |
|
| 504 | _aBibliogr. przy rozdz. | ||
| 650 | 9 | _aZarządzanie jakością | |
| 655 | _aPodręczniki akademickie | ||
| 700 | 1 |
_aTABOR, Adam _d(1941- ). _eRed. |
|
| 700 | 1 |
_aZAJĄC, Andrzej. _eRed. |
|
| 700 | 1 |
_aRĄCZKA, Marek. _eRed. |
|
| 700 | 1 | _aDYRCZ, Barbara | |
| 710 | 0 | _aPolitechnika Krakowska im. Tadeusza Kościuszki | |
| 830 | _aZarządzanie jakością ; | ||
| 020 | _a8372420955 | ||
| 040 | _cBPK | ||
| 041 | 0 | _apl | |
| 080 | _a658.56.012(075.8) | ||
| 920 | _a83-7242-095-5 | ||
| 942 | _cKS | ||
| 008 | s pl f |000 0 pol | ||
| 999 |
_c38855 _d38855 |
||
| 856 |
_uhttp://koha.tu.koszalin.pl/cgi-bin/koha/opac-detail.pl?biblionumber=38855 _yKatalog online BPK |
||